Ricostruisci la Carriera del Calciatore - Andy Carroll - Statistics

Statistiche generali
  • Questo quiz è stato fatto 5 volte
  • Il punteggio medio è 3 su 10
Statistiche sulle risposte
Hint Risposta % Corretto
2021-2022 Reading
67%
2023- Amiens
33%
2011-2012 Liverpool
33%
2006-2007 Newcastle Utd
33%
2008-2011 Newcastle Utd
33%
2007-2008 Preston N.E.
33%
2012-2019 West Ham Utd
33%
2019-2021 Newcastle Utd
0%
2022-2023 Reading
0%
2022 West Bromwich
0%
Nessun quiz corrispondente trovato
Distribuzione punteggi
Percentuale di utenti per punteggio
Percentile per numero di risposta
I tuoi punteggi nel tempo
Non hai fatto questo quiz